00807nam a2200193 a 450000100100000000500170001000800410002702000150006804000250008308200140010824501330012226000730025530000360032850000360036470000350040070000490043595201120048499900170059600003729220200930080253.0120321s1986 sp ac 000 0 spa d a8400065953 aDO-SdBNPbspacBNPHU axxxxbxxx03aLa enseñanza militar en España. :bun analisis sociológico /ccoordinadores, Julio Busquets, Valentina Fernández Vargas. aMadrid, :bConsejo Superior de Investigaciones Científicas,c1986. a315 p. :bil., retrs. ;c21 cm. aIncluye notas a pie de página1 aBusquets, Julioecoord.9637311 aFernández Vargas, Valentinaecoord.944490 001050718MOaGRbGRcCTd2012-03-21iLF1l0oxxxx xxxp37292-10r2020-06-25w2020-06-25y1ZNo se presta c36782d36782